Glossary of study terms (Record no. 424283)

000 -LEADER
fixed length control field 00362cam a22001097a 4500
008 - FIXED-LENGTH DATA ELEMENTS--GENERAL INFORMATION
fixed length control field 180718b1958 xxu||||| |||| 00| 0 eng d
082 ## - DEWEY DECIMAL CLASSIFICATION NUMBER
Classification number T83053 Or14
245 ## - TITLE STATEMENT
Title Glossary of study terms
Statement of responsibility, etc. by The European Productivity Agency, rance
260 ## - PUBLICATION, DISTRIBUTION, ETC.
Place of publication, distribution, etc. Paris
Name of publisher, distributor, etc. The European Productivity Agency
Date of publication, distribution, etc. 1958
300 ## - PHYSICAL DESCRIPTION
Extent 124p.
700 ## - ADDED ENTRY--PERSONAL NAME
Personal name France. The European Productivity Agency
Holdings
Withdrawn status Lost status Damaged status Not for loan Permanent Location Current Location Date acquired Full call number Barcode Date last seen Price effective from Koha item type
        Indian Institute of Public Administration Indian Institute of Public Administration 2009-09-17 T83053 Or14 15393 2018-07-21 2018-07-21 Book

Powered by Koha